[Event "XXIX Miedzynarodowy Festiwal Szachowy CRACOVIA-2018 Grupa B"]
[Site "Krakow, Hotel Galaxy, ul. Gesia 22a"]
[Date "2018.12.29"]
[Round "4.57"]
[White "Holzleithner, Johannes"]
[Black "Wnek, Filip"]
[Result "1-0"]
[WhiteElo "2008"]
[BlackElo "1735"]
[PlyCount "147"]
[EventDate "2018.??.??"]

1. e4 c5 2. Be2 Nc6 3. d3 g6 4. f4 Bg7 5. Nf3 e6 6. O-O Nge7 7. c3 O-O 8. Na3
d5 9. Qe1 b6 10. Qh4 Ba6 11. Rd1 Nc8 12. Qf2 Qc7 13. e5 N8e7 14. d4 Bxe2 15.
Qxe2 a6 16. Be3 c4 17. Nc2 b5 18. h4 Nf5 19. Bf2 a5 20. Be1 Rfb8 21. g4 Nfe7
22. a3 Rb7 23. Bd2 Re8 24. Qh2 Nc8 25. Rf1 Qd7 26. Rf2 Bf8 27. h5 b4 28. axb4
axb4 29. hxg6 fxg6 30. Ne3 bxc3 31. Bxc3 Nb4 32. g5 Nd3 33. Ng4 Bg7 34. Rg2 Ne7
35. Nf6+ Bxf6 36. gxf6 Nf5 37. Ng5 Rf8 38. Ra6 Ra7 39. Rxa7 Qxa7 40. Kh1 Ne3
41. Rg1 Qd7 42. Bd2 Nf5 43. Bc3 h6 44. Nf3 Kh7 45. Ra1 Kg8 46. Bd2 Qf7 47. Rg1
Kh8 48. Ra1 Kg8 49. Bc3 Qb7 50. Nh4 Kh7 51. Nxf5 gxf5 52. Rg1 Rg8 53. Rxg8 Kxg8
54. Qg3+ Kh7 55. b4 Qf7 56. Qg7+ Qxg7 57. fxg7 Nxf4 58. b5 Ng6 59. Bb4 c3 60.
Bxc3 Ne7 61. Bb4 Nc8 62. Bf8 Kg8 63. Kg2 Kh7 64. Kg3 h5 65. Kf4 h4 66. Bc5 Kxg7
67. b6 Nxb6 68. Bxb6 Kg6 69. Bd8 h3 70. Kg3 f4+ 71. Kxh3 Kf5 72. Bh4 Ke4 73.
Bf2 Kf3 74. Bg1 1-0

[Event "XXIX Miedzynarodowy Festiwal Szachowy CRACOVIA-2018 Grupa B"]
[Site "Krakow, Hotel Galaxy, ul. Gesia 22a"]
[Date "2018.12.29"]
[Round "4.58"]
[White "Saweczko, Tomasz"]
[Black "Radzicki, Wieslaw"]
[Result "1-0"]
[WhiteElo "1724"]
[BlackElo "1781"]
[PlyCount "101"]
[EventDate "2018.??.??"]

1. d4 d5 2. Nf3 c6 3. Bf4 Bf5 4. e3 e6 5. Bd3 Bxd3 6. Qxd3 Nf6 7. h3 Nbd7 8.
O-O Ne4 9. Nbd2 Ndf6 10. c4 Bd6 11. Bxd6 Qxd6 12. c5 Qc7 13. b4 O-O 14. a4 a6
15. b5 axb5 16. axb5 b6 17. cxb6 Qxb6 18. bxc6 Rxa1 19. Rxa1 Qxc6 20. Ne5 Qc7
21. Nb3 Nd7 22. Nxd7 Qxd7 23. Nc5 Qc6 24. Nxe4 dxe4 25. Qa6 Qc2 26. Ra2 Qc1+
27. Kh2 g6 28. Qd6 Qc4 29. Ra5 Qc8 30. Rc5 Qa8 31. h4 h6 32. Qf4 Kg7 33. Re5
Qb8 34. Kg3 Re8 35. Rxe4 Qxf4+ 36. Kxf4 Rd8 37. Re5 Kf6 38. g4 Ra8 39. g5+
hxg5+ 40. hxg5+ Kg7 41. Ke4 Ra4 42. Rc5 Ra7 43. Kd3 Kf8 44. e4 Ra1 45. d5 exd5
46. exd5 Ra7 47. d6 Rd7 48. Rd5 f5 49. Kd4 Kg8 50. Ke5 Kf7 51. Rc5 1-0

[Event "XXIX Miedzynarodowy Festiwal Szachowy CRACOVIA-2018 Grupa B"]
[Site "Krakow, Hotel Galaxy, ul. Gesia 22a"]
[Date "2018.??.??"]
[Round "5.19"]
[White "Lada, Ireneusz"]
[Black "Stebel, Agata"]
[Result "1-0"]
[WhiteElo "1944"]
[BlackElo "1830"]
[PlyCount "149"]
[EventDate "2018.??.??"]

1. c4 g6 2. Nf3 Bg7 3. Nc3 e5 4. g3 f5 5. d3 d6 6. Bg2 Nf6 7. O-O O-O 8. Bd2 h6
9. Rb1 c6 10. b4 Be6 11. Qc1 g5 12. h4 g4 13. Ne1 Kh7 14. e4 f4 15. gxf4 Nh5
16. f5 Bf7 17. Ne2 Qxh4 18. Rb3 Nd7 19. Bh1 Rg8 20. Ng2 Qe7 21. Ne3 Nf4 22. Re1
Nf6 23. Ng2 Nh3+ 24. Kf1 d5 25. Nh4 Nxe4 26. Ng6 Nxd2+ 27. Qxd2 Qf6 28. cxd5
cxd5 29. Ng3 Rae8 30. Rc1 e4 31. dxe4 dxe4 32. Re3 Ng5 33. Rc7 Nf3 34. Qc2 b5
35. Kg2 Bc4 36. Nxe4 Qa1 37. Qc1 Qd4 38. Ng3 Rxe3 39. fxe3 Qd6 40. Rxa7 Ng5 41.
Qc2 Bf7 42. Ne7 Bf6 43. Nxg8 Kxg8 44. Ra8+ Kh7 45. Ra7 Qxb4 46. Nh5 Qd6 47.
Nxf6+ Qxf6 48. Rd7 h5 49. e4 Qe5 50. Kf2 Qh2+ 51. Bg2 Nh3+ 52. Ke3 Qg1+ 53. Kd3
Ng5 54. e5 Kh6 55. e6 Be8 56. Qd2 Qc5 57. Rd5 Qc4+ 58. Ke3 h4 59. f6 Nxe6 60.
Kf2+ Kg6 61. Bf1 g3+ 62. Kg1 Qg4 63. Bd3+ Kf7 64. Bf5 Qc4 65. Bxe6+ Kxe6 66.
Rd4 Qc6 67. Qe3+ Kf7 68. Qe7+ Kg6 69. Qg7+ Kf5 70. Qg4+ Ke5 71. Qf4+ Ke6 72.
Re4+ Kd7 73. Qxh4 Qc1+ 74. Kg2 Bg6 75. Qg4+ 1-0

[Event "XXIX Miedzynarodowy Festiwal Szachowy CRACOVIA-2018 Grupa B"]
[Site "Krakow, Hotel Galaxy, ul. Gesia 22a"]
[Date "2018.??.??"]
[Round "5.22"]
[White "Serra Azul Neto, Francisco"]
[Black "Bobrowski, Damian"]
[Result "0-1"]
[WhiteElo "1915"]
[BlackElo "1597"]
[PlyCount "98"]
[EventDate "2018.??.??"]

1. d4 d5 2. Nf3 Nf6 3. c4 e6 4. Nc3 Be7 5. Bf4 c6 6. e3 Nbd7 7. Bd3 O-O 8. O-O
b6 9. cxd5 exd5 10. Rc1 Bb7 11. Re1 Bb4 12. Ne5 Nxe5 13. dxe5 Nd7 14. Qh5 g6
15. Qg4 Re8 16. Bg5 Nxe5 17. Qxb4 Qxg5 18. Be2 c5 19. Qb3 d4 20. Nd5 c4 21. f4
cxb3 22. fxg5 Bxd5 23. exd4 Nc6 24. axb3 Nxd4 25. Bc4 Rxe1+ 26. Rxe1 Bxc4 27.
bxc4 Ne6 28. h4 Rd8 29. Ra1 a5 30. b4 axb4 31. Rb1 Rd4 32. Rxb4 Rxh4 33. Rxb6
Rxc4 34. Rb8+ Kg7 35. Rb5 Rc5 36. Rb4 Rxg5 37. Kf2 h5 38. g3 Nc5 39. Rd4 Rg4
40. Rxg4 hxg4 41. Ke3 f5 42. Kf2 Kf6 43. Kg2 Ke5 44. Kf2 Ke4 45. Kg2 Ke3 46.
Kg1 Kf3 47. Kh2 Kf2 48. Kh1 Kxg3 49. Kg1 f4 0-1

[Event "XXIX Miedzynarodowy Festiwal Szachowy CRACOVIA-2018 Grupa B"]
[Site "Krakow, Hotel Galaxy, ul. Gesia 22a"]
[Date "2018.??.??"]
[Round "5.28"]
[White "Barchuk, Irina"]
[Black "Podgorski, Maciej"]
[Result "1-0"]
[WhiteElo "2023"]
[BlackElo "1841"]
[PlyCount "67"]
[EventDate "2018.??.??"]

1. e4 c5 2. Nf3 d6 3. d4 cxd4 4. Nxd4 Nf6 5. Nc3 a6 6. Be3 e5 7. Nb3 Be6 8. Qd2
Be7 9. f4 Nbd7 10. O-O-O O-O 11. Kb1 b5 12. f5 Bc4 13. h3 a5 14. Bd3 a4 15. Nc1
Nb6 16. Nxb5 Bxb5 17. Bxb5 Nxe4 18. Qe1 Rb8 19. c4 Qc8 20. Bxb6 Qxf5 21. Nd3
Rxb6 22. g4 Qg6 23. Bxa4 Rfb8 24. Bc2 Ng5 25. b3 Qe6 26. h4 Nf3 27. Qe4 Nxh4
28. Nf4 f5 29. gxf5 Qh6 30. Nd5 Bd8 31. Nxb6 Rxb6 32. c5 Rb8 33. Rxd6 Bf6 34.
Rxf6 1-0

[Event "XXIX Miedzynarodowy Festiwal Szachowy CRACOVIA-2018 Grupa B"]
[Site "Krakow, Hotel Galaxy, ul. Gesia 22a"]
[Date "2018.??.??"]
[Round "5.32"]
[White "Czechowski, Jakub"]
[Black "Alothman, Abdul Wahab"]
[Result "0-1"]
[WhiteElo "1840"]
[BlackElo "1965"]
[PlyCount "34"]
[EventDate "2018.??.??"]

1. d4 d5 2. c4 c6 3. Nf3 Nf6 4. Nc3 e6 5. e3 Nbd7 6. Bd3 dxc4 7. Bxc4 b5 8. Bd3
Bb7 9. e4 b4 10. Ne2 c5 11. Ng3 cxd4 12. Nxd4 Bc5 13. Be3 Qb6 14. Nc2 O-O 15.
Bf4 Bxf2+ 16. Kf1 Nc5 17. e5 Nxd3 0-1

[Event "XXIX Miedzynarodowy Festiwal Szachowy CRACOVIA-2018 Grupa B"]
[Site "Krakow, Hotel Galaxy, ul. Gesia 22a"]
[Date "2018.??.??"]
[Round "5.41"]
[White "Zechner, Andrea"]
[Black "Hrymowicz, Artur"]
[Result "0-1"]
[WhiteElo "1859"]
[BlackElo "2024"]
[PlyCount "58"]
[EventDate "2018.??.??"]

1. d4 Nf6 2. Bf4 b6 3. Nf3 Bb7 4. e3 g6 5. Bd3 Bg7 6. O-O d6 7. Nbd2 Nbd7 8. h3
O-O 9. Qe2 a5 10. e4 Nh5 11. Bh2 e5 12. dxe5 dxe5 13. Qe3 Nf4 14. Bc4 g5 15.
Rfd1 Qf6 16. Bf1 Nc5 17. c3 Qg6 18. h4 h6 19. hxg5 hxg5 20. Nc4 Rae8 21. g3
Nxe4 22. Rd7 Nd5 23. Qd3 Nc5 24. Qxg6 fxg6 25. Rxg7+ Kxg7 26. Ncxe5 g4 27. Nxg4
Rxf3 28. Bg2 Rd3 29. b4 axb4 0-1

[Event "XXIX Miedzynarodowy Festiwal Szachowy CRACOVIA-2018 Grupa B"]
[Site "Krakow, Hotel Galaxy, ul. Gesia 22a"]
[Date "2018.??.??"]
[Round "5.50"]
[White "Lobunets, Vladimir"]
[Black "Holzleithner, Johannes"]
[Result "1/2-1/2"]
[WhiteElo "1801"]
[BlackElo "2008"]
[PlyCount "114"]
[EventDate "2018.??.??"]

1. d4 e6 2. Nf3 Nf6 3. c4 b6 4. g3 Bb7 5. Bg2 Be7 6. Nc3 O-O 7. O-O Ne4 8. Qc2
Nxc3 9. bxc3 f5 10. Rb1 d6 11. Qb3 Qc8 12. Ba3 Nc6 13. Nd2 Na5 14. Qa4 Bxg2 15.
Kxg2 Qe8 16. Qxe8 Rfxe8 17. f4 Rad8 18. Rfe1 d5 19. Bxe7 Rxe7 20. c5 Rc8 21.
Rec1 Rd7 22. e3 Kf7 23. c4 dxc4 24. Nxc4 Nxc4 25. Rxc4 h6 26. a4 g5 27. a5 gxf4
28. gxf4 bxa5 29. Ra4 c6 30. Rxa5 Rcc7 31. Ra6 Kf6 32. Rb8 Rg7+ 33. Kf2 Kf7 34.
Rh8 Kg6 35. Rd8 Rb7 36. Rxc6 Rb2+ 37. Kf3 Kh5 38. e4 Rb3+ 39. Kf2 Rb2+ 40. Kf3
Rb3+ 41. Kf2 fxe4 42. Rxe6 Rf3+ 43. Ke2 Rg2+ 44. Ke1 Rg1+ 45. Ke2 Rg2+ 46. Ke1
Rxh2 47. Rxh6+ Kxh6 48. Rh8+ Kg6 49. Rxh2 Rc3 50. Ra2 Rc4 51. Rxa7 Rxd4 52. c6
Rc4 53. c7 Kf5 54. Ra8 Rxc7 55. Rf8+ Kg6 56. Ke2 Rc3 57. Re8 Kf5 1/2-1/2

[Event "XXIX Miedzynarodowy Festiwal Szachowy CRACOVIA-2018 Grupa B"]
[Site "Krakow, Hotel Galaxy, ul. Gesia 22a"]
[Date "2018.??.??"]
[Round "5.52"]
[White "Gorecki, Grzegorz"]
[Black "Raclawicki, Kacper"]
[Result "1/2-1/2"]
[WhiteElo "1867"]
[BlackElo "1794"]
[PlyCount "86"]
[EventDate "2018.??.??"]

1. d4 d5 2. c4 c6 3. Nf3 Nf6 4. Nc3 a6 5. cxd5 cxd5 6. Bf4 Nc6 7. e3 Bg4 8. Be2
e6 9. a3 Rc8 10. Rc1 Bd6 11. Bxd6 Qxd6 12. O-O O-O 13. Na4 Ne4 14. h3 Bh5 15.
Nd2 Bxe2 16. Qxe2 f5 17. Nc5 Qe7 18. Ncxe4 fxe4 19. f4 exf3 20. Nxf3 Qd6 21. b4
Qg3 22. Qf2 Qg6 23. Qc2 Qg3 24. Qf2 Qd6 25. Qh4 h6 26. Qg4 Rf5 27. Rc2 Rcf8 28.
Rcf2 Qe7 29. Nh4 Rxf2 30. Rxf2 Rxf2 31. Kxf2 Qf6+ 32. Nf3 Qf5 33. Qxf5 exf5 34.
h4 g6 35. Ne1 Kf7 36. Nd3 b6 37. Nf4 Ne7 38. a4 g5 39. hxg5 hxg5 40. Nd3 Nc6
41. Kf3 Kf6 42. g3 Ke6 43. a5 bxa5 1/2-1/2

[Event "XXIX Miedzynarodowy Festiwal Szachowy CRACOVIA-2018 Grupa B"]
[Site "Krakow, Hotel Galaxy, ul. Gesia 22a"]
[Date "2018.??.??"]
[Round "5.54"]
[White "Czyzykiewicz, Rafal"]
[Black "Kozlowski, Michal"]
[Result "0-1"]
[WhiteElo "1730"]
[BlackElo "1812"]
[PlyCount "128"]
[EventDate "2018.??.??"]

1. e4 c5 2. c3 d5 3. exd5 Qxd5 4. d4 Nc6 5. Nf3 Bg4 6. Be2 e6 7. h3 Bh5 8. O-O
Nf6 9. Na3 cxd4 10. Nb5 Rc8 11. Nbxd4 Bc5 12. Qa4 O-O 13. Be3 Nxd4 14. Bxd4
Bxd4 15. Nxd4 Bxe2 16. Nxe2 Qd2 17. Ng3 Qxb2 18. Rab1 Qxc3 19. Rxb7 a5 20. Rb3
Qe5 21. Rb5 Rc5 22. Rxc5 Qxc5 23. Rb1 Qc3 24. Ne4 Nxe4 25. Qxe4 g6 26. h4 h5
27. a4 Rd8 28. g3 Qd4 29. Qc6 Qd5 30. Qxd5 Rxd5 31. Rb5 Kg7 32. Kg2 Kf6 33. Rb3
Rd4 34. Ra3 Ke5 35. Kf3 f5 36. Ke3 f4+ 37. Kf3 fxg3 38. fxg3 Kd5 39. Rb3 Rc4
40. Rb5+ Rc5 41. Rb6 Ke5 42. Rb3 Kf5 43. Ke3 e5 44. Kd3 Rc1 45. Rb5 Ra1 46.
Rxa5 Ra3+ 47. Ke2 Rxg3 48. Ra8 Rg4 49. a5 Rxh4 50. a6 Ke4 51. Rf8 Rh2+ 52. Rf2
Rh3 53. a7 Ra3 54. Rf7 Ra2+ 55. Kf1 h4 56. Rg7 Kf5 57. Rf7+ Kg4 58. Re7 g5 59.
Rxe5 Rxa7 60. Kf2 Ra2+ 61. Ke3 h3 62. Re4+ Kg3 63. Re5 g4 64. Rh5 h2 0-1

[Event "XXIX Miedzynarodowy Festiwal Szachowy CRACOVIA-2018 Grupa B"]
[Site "Krakow, Hotel Galaxy, ul. Gesia 22a"]
[Date "2018.??.??"]
[Round "5.55"]
[White "Kostecka, Marika"]
[Black "Saweczko, Tomasz"]
[Result "1/2-1/2"]
[WhiteElo "1808"]
[BlackElo "1724"]
[PlyCount "128"]
[EventDate "2018.??.??"]

1. e4 e5 2. Nf3 Nc6 3. Bb5 a6 4. Ba4 Nf6 5. O-O Be7 6. Re1 b5 7. Bb3 O-O 8. c3
d5 9. d4 exd4 10. e5 Ne4 11. Nxd4 Nxd4 12. cxd4 Bb7 13. Nd2 c5 14. Bc2 cxd4 15.
Nxe4 dxe4 16. Bxe4 Bxe4 17. Rxe4 Bc5 18. Bf4 Qd5 19. Qd3 Rae8 20. a3 Re6 21.
Rae1 Rfe8 22. Bg3 f6 23. f4 Qc4 24. Qxc4 bxc4 25. Bf2 f5 26. R4e2 d3 27. Rd2
Bxf2+ 28. Kxf2 g5 29. g3 gxf4 30. gxf4 Rh6 31. Ke3 Rd8 32. Rg1+ Kf7 33. Rg5 Ke6
34. Rg7 Kd5 35. Rdg2 Rh3+ 36. R7g3 Rxg3+ 37. hxg3 Rb8 38. Rh2 a5 39. Rxh7 Rxb2
40. Rd7+ Kc5 41. Rc7+ Kb6 42. Rxc4 Rg2 43. Kf3 d2 44. Rd4 Kc5 45. Rd8 Rh2 46.
Ke3 Rg2 47. e6 d1=Q 48. Rxd1 Rxg3+ 49. Kf2 Rg7 50. Re1 Kd6 51. Re5 Ra7 52. e7
Rxe7 53. Rxe7 Kxe7 54. Ke3 Kd6 55. Kd4 a4 56. Kc4 Kc6 57. Kb4 Kd5 58. Kxa4 Ke4
59. Kb4 Kxf4 60. a4 Kg3 61. a5 f4 62. a6 f3 63. a7 f2 64. a8=Q f1=Q 1/2-1/2

[Event "XXIX Miedzynarodowy Festiwal Szachowy CRACOVIA-2018 Grupa B"]
[Site "Krakow, Hotel Galaxy, ul. Gesia 22a"]
[Date "2018.12.30"]
[Round "5.9"]
[White "Smal, Tobiasz"]
[Black "Szczecina, Kamil"]
[Result "1-0"]
[WhiteElo "1958"]
[BlackElo "1986"]
[PlyCount "83"]
[EventDate "2018.??.??"]

1. e4 c5 2. Nf3 e6 3. d4 cxd4 4. Nxd4 a6 5. Bd3 Qc7 6. O-O Nf6 7. Qe2 d6 8. c4
Be7 9. Nc3 Nbd7 10. f4 O-O 11. Be3 Re8 12. g4 g6 13. g5 Nh5 14. Rf2 d5 15. cxd5
e5 16. fxe5 Nxe5 17. Rc1 Bg4 18. Qd2 Qd8 19. Be2 Rc8 20. Bxg4 Nxg4 21. Rg2 Nxe3
22. Qxe3 Bc5 23. Rd1 Qd6 24. Kh1 f5 25. gxf6 Nxf6 26. Qd3 Bxd4 27. Qxd4 b5 28.
Rf1 Re5 29. Rf5 Rce8 30. a3 Nxe4 31. Rxe5 Qxe5 32. Qxe5 Rxe5 33. Re2 Nxc3 34.
Rxe5 Na4 35. d6 Nb6 36. b3 Kf8 37. a4 Nd7 38. Re7 Nc5 39. axb5 axb5 40. b4 Na6
41. Ra7 Nxb4 42. Ra8+ 1-0

[Event "XXIX Miedzynarodowy Festiwal Szachowy CRACOVIA-2018 Grupa B"]
[Site "Krakow, Hotel Galaxy, ul. Gesia 22a"]
[Date "2018.12.30"]
[Round "5.10"]
[White "Brylski, Pawel"]
[Black "Bakalarz, Leszek"]
[Result "1-0"]
[WhiteElo "1975"]
[BlackElo "1927"]
[PlyCount "81"]
[EventDate "2018.??.??"]

1. d4 Nf6 2. c4 c5 3. d5 e6 4. Nc3 exd5 5. cxd5 d6 6. e4 g6 7. Nf3 Bg7 8. h3
O-O 9. Bd3 Re8 10. O-O c4 11. Bxc4 Nxe4 12. Nxe4 Rxe4 13. Qc2 Re8 14. Bg5 Qc7
15. Rac1 Qb6 16. Rfe1 Bd7 17. Be3 Qd8 18. Qd2 b5 19. Bf1 Na6 20. a4 Nc5 21.
Bxc5 dxc5 22. Rxe8+ Bxe8 23. axb5 Qb6 24. Qe3 Bxb5 25. Bxb5 Qxb5 26. Rxc5 Qxb2
27. d6 Qb1+ 28. Kh2 Qd1 29. Nd2 Qa4 30. Rd5 Qd7 31. g3 Bf8 32. Ne4 Qe6 33. Qd4
Bg7 34. Qd3 Rd8 35. d7 a5 36. Rxa5 f5 37. Ng5 Qxd7 38. Qc4+ Kf8 39. Ne6+ Ke7
40. Nxd8 Kxd8 41. Rd5 1-0

[Event "XXIX Miedzynarodowy Festiwal Szachowy CRACOVIA-2018 Grupa B"]
[Site "Krakow, Hotel Galaxy, ul. Gesia 22a"]
[Date "2018.12.30"]
[Round "5.11"]
[White "Bachor, Tomasz"]
[Black "Landl, Margot"]
[Result "1-0"]
[WhiteElo "1854"]
[BlackElo "1975"]
[PlyCount "61"]
[EventDate "2018.??.??"]

1. d4 f5 2. h3 d5 3. Bf4 Nf6 4. e3 c5 5. c3 Nc6 6. Bd3 e6 7. Nf3 Be7 8. Nbd2 c4
9. Bc2 b5 10. b4 O-O 11. a4 Ne4 12. Nxe4 fxe4 13. Nd2 Bg5 14. g3 e5 15. dxe5
Qe7 16. h4 Bh6 17. Nxe4 Nxb4 18. cxb4 dxe4 19. Bxe4 Qxb4+ 20. Qd2 c3 21. Qd5+
Kh8 22. Rb1 c2+ 23. Rxb4 c1=Q+ 24. Qd1 Qc3+ 25. Qd2 Qa1+ 26. Rb1 Qxa4 27. Bxa8
Bf5 28. Rd1 g5 29. hxg5 Rxa8 30. gxh6 Be6 31. O-O 1-0

[Event "XXIX Miedzynarodowy Festiwal Szachowy CRACOVIA-2018 Grupa B"]
[Site "Krakow, Hotel Galaxy, ul. Gesia 22a"]
[Date "2018.12.30"]
[Round "5.12"]
[White "Goraj, Barbara"]
[Black "Popescu, Florin"]
[Result "0-1"]
[WhiteElo "1786"]
[BlackElo "2099"]
[PlyCount "114"]
[EventDate "2018.??.??"]

1. e4 e6 2. d4 d5 3. Nd2 Nf6 4. e5 Nfd7 5. Bd3 c5 6. c3 Nc6 7. Ne2 f6 8. exf6
Nxf6 9. Nf3 Bd6 10. O-O O-O 11. h3 e5 12. dxe5 Nxe5 13. Nxe5 Bxe5 14. Bf4 Bxf4
15. Nxf4 Qd6 16. Nh5 Bd7 17. Nxf6+ Rxf6 18. Re1 Raf8 19. Re2 b5 20. Qd2 d4 21.
cxd4 Qxd4 22. Rd1 Kh8 23. Qc2 Rd6 24. Red2 Qe5 25. Be4 Rxd2 26. Rxd2 Be6 27.
Re2 Bc4 28. Bd3 Bxd3 29. Qxd3 Qb8 30. Qe3 c4 31. Qe5 h6 32. Qxb8 Rxb8 33. Re7
Rd8 34. Re2 Kg8 35. f3 Kf7 36. Kf2 Kf6 37. Ke1 Rd5 38. f4 Rd4 39. g3 Rd3 40.
Kf2 a6 41. Kg2 Rd1 42. Kf3 Ra1 43. a3 c3 44. bxc3 Rxa3 45. Re3 a5 46. Ke4 a4
47. Kd3 b4 48. Kc2 Rxc3+ 49. Rxc3 bxc3 50. g4 Ke6 51. h4 Kd5 52. h5 Ke4 53. g5
Kxf4 54. gxh6 gxh6 55. Kxc3 Kg5 56. Kb4 Kxh5 57. Kxa4 Kg4 0-1

[Event "XXIX Miedzynarodowy Festiwal Szachowy CRACOVIA-2018 Grupa B"]
[Site "Krakow, Hotel Galaxy, ul. Gesia 22a"]
[Date "2018.12.30"]
[Round "5.13"]
[White "Szalko, Maciej"]
[Black "Janus, Przemyslaw"]
[Result "1-0"]
[WhiteElo "1889"]
[BlackElo "2091"]
[PlyCount "89"]
[EventDate "2018.??.??"]

1. d4 d5 2. Nf3 Nf6 3. g3 Bf5 4. Bg2 e6 5. O-O Bd6 6. c4 c6 7. b3 Nbd7 8. Ba3
Bxa3 9. Nxa3 h6 10. b4 O-O 11. Qb3 Qe7 12. Rfd1 Rfb8 13. Ne1 Nb6 14. Rac1 a5
15. b5 Qb4 16. c5 Nbd7 17. b6 e5 18. Nac2 Qxb3 19. axb3 Re8 20. Nd3 Bg4 21. Kf1
Re7 22. Rd2 Kf8 23. e3 Rd8 24. Nce1 Ne4 25. Ra2 Bf5 26. Kg1 exd4 27. exd4 Rde8
28. f3 Ng5 29. Rxa5 Re3 30. Rd1 Bxd3 31. Nxd3 Nxf3+ 32. Bxf3 Rxf3 33. b4 Nf6
34. Ra7 Ne4 35. Rxb7 Nc3 36. Rf1 Rxd3 37. Rfxf7+ Kg8 38. Rxg7+ Kh8 39. Rh7+ Kg8
40. Rbg7+ Kf8 41. Rh8+ Kxg7 42. Rxe8 Rxd4 43. b5 Rb4 44. bxc6 Nb5 45. c7 1-0

[Event "XXIX Miedzynarodowy Festiwal Szachowy CRACOVIA-2018 Grupa B"]
[Site "Krakow, Hotel Galaxy, ul. Gesia 22a"]
[Date "2018.12.30"]
[Round "5.14"]
[White "Bartoszewicz, Marcin"]
[Black "Romashov, Anton"]
[Result "0-1"]
[WhiteElo "1853"]
[BlackElo "2076"]
[PlyCount "82"]
[EventDate "2018.??.??"]

1. e4 c5 2. Nf3 g6 3. c3 d5 4. exd5 Qxd5 5. d4 Bg7 6. Be3 cxd4 7. cxd4 Nf6 8.
Nc3 Qa5 9. Bc4 O-O 10. O-O Nc6 11. h3 Bf5 12. a3 Rad8 13. b4 Qc7 14. Nb5 Qb8
15. Qb3 a6 16. Nc3 b5 17. Be2 Ne4 18. Rfd1 Rd7 19. Bd3 Nxc3 20. Bxf5 Ne2+ 21.
Kf1 Nexd4 22. Nxd4 Nxd4 23. Bxd4 Rxd4 24. Rxd4 Bxd4 25. Rd1 Rd8 26. Be4 Qb6 27.
Rd2 Rc8 28. Rc2 Rxc2 29. Qxc2 Qf6 30. Bb7 Kg7 31. g3 h5 32. h4 Ba7 33. Kg2 Qb6
34. Bf3 e5 35. Bd5 a5 36. bxa5 Qxa5 37. Qe2 Bd4 38. Bc6 Qxa3 39. Bxb5 Qc5 40.
Ba6 Bxf2 41. Qxf2 Qc6+ 0-1

[Event "XXIX Miedzynarodowy Festiwal Szachowy CRACOVIA-2018 Grupa B"]
[Site "Krakow, Hotel Galaxy, ul. Gesia 22a"]
[Date "2018.12.30"]
[Round "5.15"]
[White "Kepowicz, Artur"]
[Black "Skomial, Mateusz"]
[Result "1/2-1/2"]
[WhiteElo "1869"]
[BlackElo "2050"]
[PlyCount "70"]
[EventDate "2018.??.??"]

1. Nf3 d5 2. d4 Nf6 3. c4 e6 4. Nc3 c6 5. g3 Bd6 6. Bg2 Nbd7 7. Nd2 O-O 8. O-O
Bc7 9. e4 dxe4 10. Ndxe4 Nxe4 11. Nxe4 Nb6 12. b3 e5 13. Ba3 Re8 14. dxe5 Bxe5
15. Qxd8 Rxd8 16. Rad1 Bg4 17. f3 Bf5 18. Bc5 Bxe4 19. fxe4 f6 20. Bh3 Kf7 21.
Kf2 Ke8 22. Ke2 Nd7 23. Be3 Bc7 24. Bf5 h6 25. Bxd7+ Rxd7 26. Rxd7 Kxd7 27.
Rd1+ Ke6 28. Bf4 Be5 29. Bxe5 fxe5 30. c5 Rf8 31. b4 Ke7 32. a4 Rd8 33. Rxd8
Kxd8 34. Kd3 Kc7 35. Kc4 a6 1/2-1/2

[Event "XXIX Miedzynarodowy Festiwal Szachowy CRACOVIA-2018 Grupa B"]
[Site "Krakow, Hotel Galaxy, ul. Gesia 22a"]
[Date "2018.12.30"]
[Round "5.16"]
[White "Zeliantsova, Kseniya"]
[Black "Pastuszko, Kinga"]
[Result "1-0"]
[WhiteElo "1858"]
[BlackElo "2029"]
[PlyCount "123"]
[EventDate "2018.??.??"]

1. e4 e5 2. Nf3 Nc6 3. d4 exd4 4. Nxd4 Bc5 5. Nxc6 bxc6 6. Nc3 Ne7 7. Bc4 O-O
8. O-O Bb7 9. Bg5 Kh8 10. Qh5 Qe8 11. Bf4 d6 12. Rad1 f5 13. Qg5 Bb4 14. Rfe1
d5 15. exd5 cxd5 16. a3 dxc4 17. axb4 Rf6 18. Bxc7 h6 19. Qf4 Qc6 20. f3 Ng6
21. Qg3 f4 22. Bxf4 Rxf4 23. Ne4 Qb6+ 24. Nc5 Rf6 25. Rd7 Bc6 26. Rd6 Rxd6 27.
Qxd6 Qxb4 28. c3 Qb6 29. Re6 Nf8 30. Qxc6 Nxe6 31. Qxa8+ Kh7 32. Qe4+ Kh8 33.
Qxe6 Qxc5+ 34. Kf1 Qb5 35. Qe2 a5 36. g3 a4 37. Kg2 Qb3 38. Kh3 Qb5 39. Kg2 Qb3
40. h4 Qb5 41. g4 Kh7 42. f4 Qd5+ 43. Kg3 Qb5 44. g5 Qd5 45. Kg4 h5+ 46. Kg3 g6
47. Qe3 Kg8 48. Qf3 Qe6 49. Qa8+ Kh7 50. Qb7+ Kg8 51. Qb8+ Kh7 52. Qc7+ Kg8 53.
Qd8+ Kh7 54. Kf2 Qg4 55. Qe7+ Kh8 56. Qf8+ Kh7 57. Qh6+ Kg8 58. Qxg6+ Kf8 59.
Qf6+ Kg8 60. g6 a3 61. Qf7+ Kh8 62. Qh7# 1-0

[Event "XXIX Miedzynarodowy Festiwal Szachowy CRACOVIA-2018 Grupa B"]
[Site "Krakow, Hotel Galaxy, ul. Gesia 22a"]
[Date "2018.12.30"]
[Round "5.17"]
[White "Widla, Piotr"]
[Black "Beraia, Levan"]
[Result "0-1"]
[WhiteElo "2024"]
[BlackElo "1851"]
[PlyCount "96"]
[EventDate "2018.??.??"]

1. e4 g6 2. Nc3 Bg7 3. d3 c5 4. Be3 d6 5. g3 Nc6 6. Bg2 Qb6 7. Nd5 Qd8 8. Qc1
e6 9. Nc3 Nd4 10. Nce2 Bd7 11. c3 Nxe2 12. Nxe2 Bb5 13. Qd2 Nf6 14. h3 O-O 15.
O-O Rc8 16. a4 Bc6 17. Rfe1 Re8 18. Bg5 Qc7 19. b4 b6 20. Rec1 d5 21. e5 Nd7
22. d4 f6 23. exf6 Nxf6 24. Bf4 Qd7 25. b5 Bb7 26. dxc5 Rxc5 27. Be3 Rc4 28. a5
Ne4 29. Qd3 Nc5 30. Qd1 Qxb5 31. Rcb1 Qc6 32. axb6 axb6 33. Nd4 Qc7 34. Nb5 Qd7
35. Bf1 Re4 36. Nd4 e5 37. Nc2 Qd6 38. Ra7 d4 39. Bg2 Rxe3 40. fxe3 Bxg2 41.
Kxg2 Qd5+ 42. Kg1 d3 43. Rxb6 Qe4 44. Ne1 Qxe3+ 45. Kg2 d2 46. Nf3 Ne4 47. Qf1
d1=Q 48. Ne1 Qde2+ 0-1

[Event "XXIX Miedzynarodowy Festiwal Szachowy CRACOVIA-2018 Grupa B"]
[Site "Krakow, Hotel Galaxy, ul. Gesia 22a"]
[Date "2018.12.30"]
[Round "5.18"]
[White "Planeta, Wojciech"]
[Black "Szwaj, Jacek"]
[Result "1/2-1/2"]
[WhiteElo "1812"]
[BlackElo "1968"]
[PlyCount "82"]
[EventDate "2018.??.??"]

1. e4 c5 2. Nf3 d6 3. d4 cxd4 4. Nxd4 Nf6 5. Nc3 a6 6. f3 e5 7. Nde2 Be6 8. Be3
d5 9. exd5 Nxd5 10. Nxd5 Bxd5 11. a3 Be7 12. Nc3 Be6 13. Qxd8+ Bxd8 14. Ne4 Be7
15. O-O-O Nd7 16. Nd6+ Bxd6 17. Rxd6 O-O-O 18. Be2 Nf6 19. Rxd8+ Rxd8 20. Rd1
Nd5 21. Bc5 Nf4 22. Rxd8+ Kxd8 23. Bf1 Bd5 24. Kd2 Kc7 25. c4 Bc6 26. b4 h5 27.
Bf2 f6 28. g3 Ne6 29. Be2 g6 30. Bd1 Ng5 31. Ke3 Ne6 32. a4 b6 33. b5 Bb7 34.
f4 exf4+ 35. gxf4 f5 36. Bc2 a5 37. Bh4 Kd6 38. Bb3 Be4 39. Bf6 Bb1 40. Bb2 Be4
41. Bf6 Bg2 1/2-1/2

[Event "XXIX Miedzynarodowy Festiwal Szachowy CRACOVIA-2018 Grupa B"]
[Site "Krakow, Hotel Galaxy, ul. Gesia 22a"]
[Date "2018.12.30"]
[Round "5.20"]
[White "Jeda, Maciej"]
[Black "Bugaev, Anton"]
[Result "1/2-1/2"]
[WhiteElo "1917"]
[BlackElo "1722"]
[PlyCount "69"]
[EventDate "2018.??.??"]

1. e4 c5 2. Nf3 d6 3. d4 cxd4 4. Nxd4 Nf6 5. Nc3 g6 6. Be2 Bg7 7. Be3 O-O 8.
O-O Nc6 9. Nb3 Be6 10. f4 Qc8 11. h3 Rd8 12. Bf3 Bc4 13. Rf2 d5 14. exd5 Nxd5
15. Nxd5 e6 16. c3 Bxd5 17. Bxd5 Rxd5 18. Qc2 Qc7 19. Rd1 Rad8 20. Rfd2 Rxd2
21. Rxd2 Rxd2 22. Qxd2 b6 23. Nd4 Nxd4 24. Bxd4 Qd6 25. Qf2 Bxd4 26. Qxd4 Qxd4+
27. cxd4 Kf8 28. Kf2 Ke7 29. Ke3 Kd6 30. Ke4 f5+ 31. Ke3 Kd5 32. Kd3 h6 33. g3
h5 34. h4 b5 35. b4 1/2-1/2

[Event "XXIX Miedzynarodowy Festiwal Szachowy CRACOVIA-2018 Grupa B"]
[Site "Krakow, Hotel Galaxy, ul. Gesia 22a"]
[Date "2018.12.30"]
[Round "5.21"]
[White "Duda, Lucas"]
[Black "Gawronski, Lukasz"]
[Result "0-1"]
[WhiteElo "1784"]
[BlackElo "1916"]
[PlyCount "78"]
[EventDate "2018.??.??"]

1. e4 e6 2. d4 d5 3. Nc3 Bb4 4. e5 c5 5. Bd2 Ne7 6. Nb5 Bxd2+ 7. Qxd2 O-O 8. f4
a6 9. Nd6 cxd4 10. Bd3 Nec6 11. Nf3 f6 12. O-O Nd7 13. Rae1 Nc5 14. Kh1 Qb6 15.
Qf2 Nxd3 16. cxd3 Bd7 17. b3 a5 18. Qh4 Ne7 19. Qf2 Nc6 20. Qh4 Nb4 21. f5 exf5
22. Nxd4 Nxd3 23. N4xf5 Bxf5 24. Nxf5 Nxe1 25. Ne7+ Kf7 26. exf6 Qe6 27. fxg7+
Kxg7 28. Rxe1 Qf6 29. Qg3+ Kh8 30. h3 Rae8 31. Qc7 b5 32. a4 bxa4 33. bxa4 d4
34. Qd7 d3 35. Re6 Qf1+ 36. Kh2 Qf4+ 37. Kg1 d2 38. Rd6 Qf1+ 39. Kh2 Rd8 0-1